| 000 | 00920nmm a2200289 a 4500 | ||
|---|---|---|---|
| 001 | ocm0002016306 | ||
| 003 | TR-IsHL | ||
| 005 | 20201028180509.0 | ||
| 008 | 181210s2016 tu tur | ||
| 007 | cr cn | ||
| 020 | _a9786053849452 | ||
| 035 |
_a2016306 _b(N$T) |
||
| 050 | 0 | 4 |
_aPL248.U83 _bA85 2016 |
| 090 | 0 | 4 |
_aPL248.U83 _bA85 2016 |
| 100 | 1 | _aUşaklıgil, Halit Ziya, | |
| 245 | 1 | 0 |
_aAşk-ı memnu _h[electronic resource] / _cHalit Ziya, Uşaklıgil ; editör Gamze Elmacı |
| 250 | _a1. Baskı | ||
| 260 |
_aİstanbul : _bYakamoz Kitap, _c2016 |
||
| 300 | _a396 p. | ||
| 650 | 4 | _aDil ve Edebiyat | |
| 650 | 4 | _aLanguage and Literature | |
| 650 | 0 | _aTürk romanı | |
| 650 | 0 | _aTurkish fiction | |
| 650 | 7 |
_aLITERARY COLLECTIONS / Middle Eastern _2bisacsh |
|
| 700 | 1 | _aElmacı, Gamze | |
| 856 | 4 | 0 | _uhttp://search.ebscohost.com/login.aspx?direct=true&scope=site&db=e011xww&AN=2016306 |
| 999 |
_c19166 _d19166 |
||